| Tag |
First Indicator |
Second Indicator |
Subfields |
| LEADER |
00000cas a2200000 a 4500 |
| 001 |
in00000558021 |
| 005 |
20151014054623.0 |
| 008 |
831031d19831985enkqr p 0uuua0eng d |
| 010 |
|
|
|a 84644625
|z sc 84001348
|
| 012 |
|
|
|a 2
|i 8406
|
| 022 |
|
|
|a 0264-6803
|
| 035 |
|
|
|a (OCoLC)10075376
|
| 035 |
|
|
|9 ACK6123AM
|
| 037 |
|
|
|b Capstan Press Ltd., Queen Street Chambers, Queen St., Exeter, Devon, U.K.
|
| 040 |
|
|
|a UIU
|c UIU
|d WAU
|d DLC
|d NST
|d DLC
|d NST
|d TXA
|d UtOrBLW
|
| 042 |
|
|
|a lc
|
| 049 |
|
|
|a TXAE
|
| 050 |
0 |
0 |
|a TL553.5
|b .I54
|
| 082 |
0 |
|
|a 363.1/24/05
|2 19
|
| 090 |
|
|
|a TL553.5
|b .I5
|
| 245 |
0 |
0 |
|a International journal of aviation safety.
|
| 246 |
1 |
0 |
|a I.J.A.S.
|
| 246 |
1 |
8 |
|a IJAS
|
| 264 |
|
1 |
|a Exeter, Devon :
|b Capstan Press,
|c [1983-1985]
|
| 264 |
|
4 |
|c ©1983-1985
|
| 300 |
|
|
|a 3 volumes :
|b illustrations ;
|c 29 cm.
|
| 310 |
|
|
|a Quarterly
|
| 336 |
|
|
|a text
|b txt
|2 rdacontent
|
| 337 |
|
|
|a unmediated
|b n
|2 rdamedia
|
| 338 |
|
|
|a volume
|b nc
|2 rdacarrier
|
| 362 |
0 |
|
|a Vol. 1 (June 1983)-v. 3, no. 4 (Dec. 1985).
|
| 500 |
|
|
|a Title from cover.
|
| 650 |
|
0 |
|a Aeronautics
|x Safety measures
|v Periodicals.
|
| 650 |
|
0 |
|a Air traffic control
|x Periodicals.
|
| 650 |
|
0 |
|a Airplanes
|x Collision avoidance
|x Periodicals.
|
| 890 |
|
|
|a International journal of aviation safety.
|
| 999 |
|
|
|a MARS
|
| 999 |
f |
f |
|s c923f0e1-2012-3ce7-ab5d-ce0d1b006167
|i 344939f0-a60b-38f3-b9a7-8c6b33801ff1
|t 0
|
| 952 |
f |
f |
|a Texas A&M University
|b Rellis Campus
|c Joint Library Facility
|d Remote Storage
|e TL553.5 .I5
|h Library of Congress classification
|i unmediated -- volume
|k v.3
|l 1985
|m A14812194935
|p ric
|s JLF
|t 0
|
| 952 |
f |
f |
|a Texas A&M University
|b Rellis Campus
|c Joint Library Facility
|d Remote Storage
|e TL553.5 .I5
|h Library of Congress classification
|i unmediated -- volume
|k v.2
|l 1984
|m A14852386383
|p ric
|s JLF
|t 0
|
| 952 |
f |
f |
|a Texas A&M University
|b Rellis Campus
|c Joint Library Facility
|d Remote Storage
|e TL553.5 .I5
|h Library of Congress classification
|i unmediated -- volume
|k v.1
|l 1983/1984
|m A14816895795
|p ric
|s JLF
|t 0
|
| 998 |
f |
f |
|a TL553.5 .I5
|s v.1-3 (1983/1984-1985)
|t 0
|l Remote Storage
|